[Event "US Cadet Championship"]
[Site "Manchester, NH"]
[Date "2017.08.19"]
[Round "5.1"]
[White "Lu, Albert"]
[Black "Huang, Andy"]
[Result "1/2-1/2"]
[BlackElo "2178"]
[WhiteElo "2323"]
[LiveChessVersion "1.4.8"]

1. d4 {[%clk 1:30:57]} d5 {[%clk 1:30:59]} 2. c4 {[%clk 1:31:18]} dxc4
{[%clk 1:31:26]} 3. e3 {[%clk 1:30:49]} e5 {[%clk 1:31:38]} 4. Bxc4
{[%clk 1:28:58]} exd4 {[%clk 1:31:50]} 5. Nf3 {[%clk 1:29:16]} Bb4+
{[%clk 1:32:06]} 6. Bd2 {[%clk 1:28:31]} Bxd2+ {[%clk 1:31:42]} 7. Qxd2
{[%clk 1:28:15]} Nc6 {[%clk 1:30:05]} 8. O-O {[%clk 1:20:28]} Nf6
{[%clk 1:24:04]} 9. exd4 {[%clk 1:19:18]} O-O {[%clk 1:23:59]} 10. d5
{[%clk 1:18:52]} Ne7 {[%clk 1:23:54]} 11. Nc3 {[%clk 1:18:30]} a6
{[%clk 1:17:07]} 12. Rfe1 {[%clk 1:03:39]} Qd6 {[%clk 0:57:33]} 13. Bb3
{[%clk 0:47:25]} Ng6 {[%clk 0:47:43]} 14. h3 {[%clk 0:42:18]} Bd7
{[%clk 0:47:36]} 15. Ng5 {[%clk 0:34:59]} Bf5 {[%clk 0:41:48]} 16. Nf3
{[%clk 0:25:59]} Rad8 {[%clk 0:37:40]} 17. Rad1 {[%clk 0:22:30]} h6
{[%clk 0:30:06]} 18. Qc1 {[%clk 0:21:14]} Kh8 {[%clk 0:25:34]} 19. Nd4
{[%clk 0:16:12]} Bc8 {[%clk 0:25:01]} 20. Nf3 {[%clk 0:15:48]} Rfe8
{[%clk 0:21:39]} 21. Rxe8+ {[%clk 0:13:48]} Rxe8 {[%clk 0:22:07]} 22. Re1
{[%clk 0:14:10]} Rd8 {[%clk 0:21:10]} 23. Ne4 {[%clk 0:12:53]} Nxe4
{[%clk 0:21:01]} 24. Rxe4 {[%clk 0:13:21]} Bd7 {[%clk 0:18:58]} 25. Qe1
{[%clk 0:10:04]} Qf8 {[%clk 0:16:07]} 26. Ne5 {[%clk 0:05:39]} Nxe5
{[%clk 0:16:30]} 27. Rxe5 {[%clk 0:06:08]} Re8 {[%clk 0:16:50]} 28. Rxe8
{[%clk 0:05:46]} Qxe8 {[%clk 0:17:05]} 29. Qc3 {[%clk 0:06:10]} Qd8
{[%clk 0:15:04]} 30. d6 {[%clk 0:02:04]} cxd6 {[%clk 0:15:28]} 31. Bxf7
{[%clk 0:02:24]} Bc6 {[%clk 0:13:36]} 1/2-1/2

[Event "US Cadet Championship"]
[Site "Manchester, NH"]
[Date "2017.08.19"]
[Round "5.2"]
[White "Shen, Christopher"]
[Black "Li, Ben"]
[Result "1-0"]
[BlackElo "2305"]
[WhiteElo "2167"]
[LiveChessVersion "1.4.8"]

1. Nf3 {[%clk 1:30:57]} d5 {[%clk 1:30:52]} 2. g3 {[%clk 1:31:22]} c5
{[%clk 1:31:15]} 3. Bg2 {[%clk 1:31:44]} Nc6 {[%clk 1:31:40]} 4. d4
{[%clk 1:32:09]} Nf6 {[%clk 1:32:05]} 5. O-O {[%clk 1:32:32]} Bg4
{[%clk 1:31:47]} 6. dxc5 {[%clk 1:32:48]} e5 {[%clk 1:31:16]} 7. c4
{[%clk 1:33:03]} Bxc5 {[%clk 1:28:58]} 8. cxd5 {[%clk 1:33:24]} Qxd5
{[%clk 1:29:05]} 9. Nc3 {[%clk 1:33:16]} Qxd1 {[%clk 1:21:04]} 10. Rxd1
{[%clk 1:33:44]} O-O {[%clk 1:21:10]} 11. h3 {[%clk 1:32:35]} Bxf3
{[%clk 1:18:42]} 12. Bxf3 {[%clk 1:31:02]} Nd4 {[%clk 1:18:11]} 13. Bxb7
{[%clk 1:24:33]} Rab8 {[%clk 1:18:39]} 14. Ba6 {[%clk 1:22:15]} Rfd8
{[%clk 1:12:45]} 15. Be3 {[%clk 1:15:32]} Be7 {[%clk 0:58:31]} 16. Rab1
{[%clk 1:06:06]} Rd6 {[%clk 0:37:23]} 17. Bc4 {[%clk 1:01:21]} Rc8
{[%clk 0:32:27]} 18. b3 {[%clk 0:59:11]} Nf5 {[%clk 0:30:47]} 19. Bxa7
{[%clk 0:51:09]} Rxd1+ {[%clk 0:30:42]} 20. Rxd1 {[%clk 0:51:07]} Nd6
{[%clk 0:30:54]} 21. Nd5 {[%clk 0:48:37]} Nxd5 {[%clk 0:29:31]} 22. Rxd5
{[%clk 0:45:48]} Nxc4 {[%clk 0:28:31]} 23. bxc4 {[%clk 0:46:15]} Rxc4
{[%clk 0:28:54]} 24. Rxe5 {[%clk 0:46:31]} Bf8 {[%clk 0:29:16]} 25. Ra5
{[%clk 0:46:10]} g6 {[%clk 0:27:54]} 26. Be3 {[%clk 0:46:09]} h5 {[%clk 0:27:41]}
27. Ra8 {[%clk 0:46:24]} Kg7 {[%clk 0:27:47]} 28. a4 {[%clk 0:46:33]} Ba3
{[%clk 0:22:00]} 29. a5 {[%clk 0:45:29]} Bc1 {[%clk 0:22:19]} 30. Bb6
{[%clk 0:45:13]} Bb2 {[%clk 0:20:54]} 31. a6 {[%clk 0:45:17]} Bd4
{[%clk 0:21:17]} 32. Bxd4+ {[%clk 0:42:27]} Rxd4 {[%clk 0:21:45]} 33. Kg2
{[%clk 0:42:44]} Ra4 {[%clk 0:21:51]} 34. Kf3 {[%clk 0:42:37]} Ra2
{[%clk 0:21:17]} 35. Ke3 {[%clk 0:41:32]} Kh7 {[%clk 0:21:12]} 36. f4
{[%clk 0:37:17]} Ra3+ {[%clk 0:17:07]} 37. Kd4 {[%clk 0:35:23]} Rxg3
{[%clk 0:16:01]} 38. Rf8 {[%clk 0:34:46]} Ra3 {[%clk 0:15:47]} 39. Rxf7+
{[%clk 0:35:11]} Kg8 {[%clk 0:15:27]} 40. Ra7 {[%clk 1:05:28]} h4
{[%clk 0:43:16]} 41. Ke5 {[%clk 1:05:32]} Rxh3 {[%clk 0:39:36]} 42. Rb7
{[%clk 1:05:36]} Ra3 {[%clk 0:34:27]} 43. a7 {[%clk 1:05:59]} h3 {[%clk 0:34:50]}
44. Rb8+ {[%clk 1:06:22]} Kg7 {[%clk 0:35:15]} 45. a8=Q {[%clk 1:06:45]} Rxa8
{[%clk 0:35:24]} 46. Rxa8 {[%clk 1:07:10]} h2 {[%clk 0:35:50]} 47. Ra1
{[%clk 1:07:32]} h1=N {[%clk 0:36:10]} 48. Rxh1 {[%clk 1:07:51]} 1-0

[Event "US Cadet Championship"]
[Site "Manchester, NH"]
[Date "2017.08.19"]
[Round "5.3"]
[White "Niemann, Hans"]
[Black "Yip, Carissa"]
[Result "0-1"]
[WhiteElo "2254"]
[BlackElo "2187"]
[Annotator "Relyea,Alex"]
[PlyCount "88"]
[EventDate "2017.??.??"]
[WhiteClock "0:31:36"]
[BlackClock "0:32:33"]

1. d4 Nf6 2. c4 g6 3. f3 Bg7 4. e4 d6 5. Ne2 O-O 6. Be3 c5 7. d5 e6 8. Nec3
exd5 9. cxd5 Nbd7 10. Be2 Ne5 11. Nd2 a6 12. a4 b6 13. O-O h5 14. h3 Re8 15. f4
Ned7 16. Bf3 Rb8 17. Nc4 Qc7 18. Qb3 Bf8 19. Ra3 b5 20. axb5 axb5 21. Nxb5 Qb7
22. Ra5 Nxe4 23. Bxe4 Rxe4 24. Qd3 Re8 25. f5 Ne5 26. Nxe5 Rxe5 27. fxg6 Rxd5
28. gxf7+ Qxf7 29. Nd4 Qe8 30. Kh1 Bb7 31. Rf3 Bg7 32. Rg3 Kh8 33. Rg6 Qe5 34.
Ra1 cxd4 35. Bh6 Rg8 36. Rf1 Qe7 37. Qd2 Re5 38. Qf4 Re2 39. Rg1 d3 40. Qf5
Rxg2 41. R1xg2 Bxg2+ 42. Kg1 Bd4+ 43. Kxg2 Rxg6+ 44. Qxg6 Qe2+ 0-1

[Event "US Cadet Championship"]
[Site "Manchester, NH"]
[Date "2017.08.19"]
[Round "5.5"]
[White "Titus, Andrew"]
[Black "Nguyen, Trung"]
[Result "0-1"]
[WhiteElo "2131"]
[BlackElo "2181"]
[PlyCount "104"]
[EventDate "2017.??.??"]
[WhiteClock "1:06:09"]
[BlackClock "0:47:46"]

1. e4 g6 2. d4 Bg7 3. Nc3 d6 4. Nf3 a6 5. Be2 b5 6. a4 b4 7. Nd5 a5 8. c3 e6 9.
Nf4 bxc3 10. bxc3 Bb7 11. Qc2 Nf6 12. Bd3 O-O 13. O-O Nbd7 14. Ba3 Re8 15. Rfd1
e5 16. dxe5 Nxe5 17. Nxe5 Rxe5 18. f3 Nd7 19. Bc4 Rb8 20. Rab1 Bh6 21. Bc1 Rc5
22. Ne6 fxe6 23. Bxe6+ Kg7 24. Bxh6+ Kxh6 25. Qd2+ g5 26. h4 Nb6 27. hxg5+ Qxg5
28. f4 Qg3 29. Rf1 Rxc3 30. Rbe1 Rd3 31. Qb2 Rf8 32. f5 Qg5 33. Rf2 Re3 34.
Rxe3 Qxe3 35. g4 Bxe4 36. Kf1 Bd3+ 37. Kg2 Nxa4 38. Qa1 Be4+ 39. Kf1 Qd3+ 40.
Ke1 Qc3+ 41. Qxc3 Nxc3 42. Rh2+ Kg5 43. Rxh7 Kxg4 44. Rxc7 Nb5 45. Rc4 Kf3 46.
Ra4 Bxf5 47. Bd5+ Ke3 48. Rxa5 Bd3 49. Bg2 Rf2 50. Bh3 Re2+ 51. Kd1 Nc3+ 52.
Kc1 Rc2# 0-1

[Event "US Cadet Championship"]
[Site "Manchester, NH"]
[Date "2017.08.19"]
[Round "5.4"]
[White "Nguyen, Emily"]
[Black "Kim, Yoon-Young"]
[Result "1-0"]
[WhiteElo "2110"]
[BlackElo "2293"]
[PlyCount "143"]
[EventDate "2017.??.??"]
[WhiteClock "0:04:25"]
[BlackClock "0:37:58"]

1. d4 d5 2. c4 c6 3. Nf3 Nf6 4. Nc3 e6 5. e3 Nbd7 6. Bd3 dxc4 7. Bxc4 b5 8. Bd3
Bd6 9. O-O O-O 10. b3 Bb7 11. Bb2 a6 12. a4 Qe7 13. Rc1 e5 14. dxe5 Nxe5 15.
Ne4 Nxe4 16. Bxe4 Rfd8 17. Qe2 Rac8 18. Nxe5 Bxe5 19. Bxh7+ Kxh7 20. Qh5+ Kg8
21. Qxe5 Qxe5 22. Bxe5 Rd3 23. axb5 cxb5 24. Rxc8+ Bxc8 25. Rc1 Be6 26. b4 Bc4
27. Ra1 Rd2 28. h4 f6 29. Bd4 Ba2 30. Rc1 Bc4 31. Ra1 Ba2 32. Rc1 Bc4 33. Bc3
Rd3 34. Kh2 Kh7 35. Bd4 Rd2 36. Kg3 Kg6 37. Rh1 Kh5 38. Bc5 Bb3 39. Bf8 Rd8 40.
Bc5 Rd2 41. Ra1 Ba2 42. e4 Kg6 43. Kf4 Kf7 44. h5 Kg8 45. Ke3 Rc2 46. Bd4 Bf7
47. h6 Rc6 48. hxg7 Kxg7 49. Bc5 Bb3 50. Ra3 Be6 51. Kd4 Kf7 52. f4 Bc8 53. f5
Rc7 54. Ke3 Bb7 55. Rc3 Ke8 56. Rc2 Rd7 57. Rc1 Rg7 58. Kf3 Rh7 59. Re1 Rh4 60.
Bd4 Ke7 61. g3 Rh5 62. Kf4 Rh2 63. Rc1 Kd7 64. Bxf6 Rf2+ 65. Ke5 Rb2 66. Rd1+
Kc7 67. Rd4 Rg2 68. Ke6 Re2 69. Be5+ Kb6 70. f6 Bc8+ 71. Ke7 Rf2 72. f7 1-0

[Event "US Cadet Championship"]
[Site "Manchester, NH"]
[Date "2017.08.20"]
[Round "6.1"]
[White "Huang, Andy"]
[Black "Nguyen, Trung"]
[Result "0-1"]
[BlackElo "2181"]
[WhiteElo "2178"]
[LiveChessVersion "1.4.8"]

1. e4 {[%clk 1:30:55]} g6 {[%clk 1:30:59]} 2. d4 {[%clk 1:31:24]} Bg7
{[%clk 1:31:28]} 3. Nc3 {[%clk 1:31:53]} d6 {[%clk 1:31:57]} 4. Be3
{[%clk 1:32:06]} a6 {[%clk 1:32:19]} 5. Qd2 {[%clk 1:32:17]} Nd7 {[%clk 1:32:42]}
6. O-O-O {[%clk 1:31:34]} b5 {[%clk 1:33:03]} 7. h4 {[%clk 1:31:50]} Ngf6
{[%clk 1:32:45]} 8. f3 {[%clk 1:30:25]} Bb7 {[%clk 1:33:03]} 9. g4
{[%clk 1:18:39]} h6 {[%clk 1:33:22]} 10. a3 {[%clk 1:11:56]} Nb6 {[%clk 1:31:59]}
11. Nh3 {[%clk 0:58:26]} Nfd7 {[%clk 1:29:25]} 12. f4 {[%clk 0:44:34]} c5
{[%clk 1:19:59]} 13. Qf2 {[%clk 0:26:21]} b4 {[%clk 1:15:38]} 14. axb4
{[%clk 0:25:14]} cxb4 {[%clk 1:15:15]} 15. Na2 {[%clk 0:25:21]} Bxe4
{[%clk 1:00:53]} 16. Bg2 {[%clk 0:25:35]} Bxg2 {[%clk 1:01:02]} 17. Qxg2
{[%clk 0:26:00]} a5 {[%clk 0:53:12]} 18. f5 {[%clk 0:23:10]} gxf5
{[%clk 0:50:28]} 19. gxf5 {[%clk 0:23:39]} Bf6 {[%clk 0:50:55]} 20. Nf4
{[%clk 0:22:09]} Qc7 {[%clk 0:39:55]} 21. Kb1 {[%clk 0:21:22]} Rb8
{[%clk 0:38:54]} 22. Qe2 {[%clk 0:16:51]} Qc4 {[%clk 0:30:27]} 23. Rd3
{[%clk 0:13:36]} Nd5 {[%clk 0:29:14]} 24. b3 {[%clk 0:10:52]} Nxf4
{[%clk 0:28:33]} 25. Bxf4 {[%clk 0:11:18]} Qd5 {[%clk 0:28:55]} 26. Rg1
{[%clk 0:09:36]} Kd8 {[%clk 0:22:43]} 27. Rf1 {[%clk 0:07:17]} Bxh4
{[%clk 0:22:09]} 28. Rdd1 Bf6 {[%clk 0:21:56]} 29. Rh1 {[%clk 0:06:38]} a4
{[%clk 0:17:38]} 30. Nc1 {[%clk 0:06:48]} axb3 {[%clk 0:17:39]} 31. Nxb3
{[%clk 0:06:30]} Nb6 {[%clk 0:17:50]} 32. Bxh6 {[%clk 0:03:17]} Na4
{[%clk 0:17:56]} 33. Bd2 {[%clk 0:03:44]} Rxh1 {[%clk 0:18:16]} 0-1

[Event "US Cadet Championship"]
[Site "Manchester, NH"]
[Date "2017.08.20"]
[Round "6.2"]
[White "Kim, Yoon-Young"]
[Black "Titus, Andrew"]
[Result "1-0"]
[BlackElo "2131"]
[WhiteElo "2293"]
[LiveChessVersion "1.4.8"]

1. Nf3 {[%clk 1:30:58]} Nf6 {[%clk 1:30:57]} 2. c4 {[%clk 1:31:22]} e6
{[%clk 1:31:24]} 3. g3 {[%clk 1:31:46]} d5 {[%clk 1:31:51]} 4. Bg2
{[%clk 1:32:10]} Be7 {[%clk 1:32:18]} 5. d4 {[%clk 1:32:35]} O-O {[%clk 1:32:43]}
6. O-O {[%clk 1:33:01]} dxc4 {[%clk 1:33:11]} 7. Qc2 {[%clk 1:33:26]} a6
{[%clk 1:33:36]} 8. a4 {[%clk 1:33:52]} Bd7 {[%clk 1:34:02]} 9. Bf4
{[%clk 1:34:15]} Bc6 {[%clk 1:31:56]} 10. Qxc4 {[%clk 1:34:39]} b5
{[%clk 1:27:30]} 11. Qc2 {[%clk 1:32:07]} Bd6 {[%clk 1:25:18]} 12. Bg5
{[%clk 1:30:11]} Be7 {[%clk 1:22:35]} 13. Nbd2 {[%clk 1:26:11]} Bb7
{[%clk 1:20:12]} 14. Rfc1 {[%clk 1:22:34]} Nc6 {[%clk 1:12:27]} 15. Nb3
{[%clk 1:21:18]} Rc8 {[%clk 0:46:53]} 16. e3 {[%clk 1:18:08]} Nb4
{[%clk 0:45:48]} 17. Qe2 {[%clk 1:17:25]} bxa4 {[%clk 0:42:56]} 18. Nc5
{[%clk 1:14:38]} Bxc5 {[%clk 0:34:17]} 19. Rxc5 {[%clk 1:14:44]} h6
{[%clk 0:34:08]} 20. Bxf6 {[%clk 1:14:02]} Qxf6 {[%clk 0:33:31]} 21. Rxa4
{[%clk 1:13:01]} Nd5 {[%clk 0:32:59]} 22. Ne5 {[%clk 1:12:09]} Rfd8
{[%clk 0:32:05]} 23. Nc6 {[%clk 1:07:20]} Rd6 {[%clk 0:26:59]} 24. Na5
{[%clk 1:05:57]} Rb6 {[%clk 0:26:06]} 25. Nxb7 {[%clk 1:05:13]} Rxb7
{[%clk 0:26:15]} 26. Rxa6 {[%clk 1:01:24]} Qd8 {[%clk 0:24:15]} 27. Bxd5
{[%clk 0:58:47]} exd5 {[%clk 0:24:31]} 28. Rac6 {[%clk 0:59:00]} Rcb8
{[%clk 0:22:39]} 29. Qf3 {[%clk 0:58:54]} Qe7 {[%clk 0:17:46]} 30. Qxd5
{[%clk 0:58:35]} Rxb2 {[%clk 0:17:01]} 31. Rxc7 {[%clk 0:58:22]} Qf6
{[%clk 0:17:29]} 32. Qf5 {[%clk 0:58:33]} Qxf5 {[%clk 0:15:55]} 33. Rxf5
{[%clk 0:58:58]} f6 {[%clk 0:15:47]} 34. Rd5 {[%clk 0:58:38]} R2b7
{[%clk 0:15:54]} 35. Rd8+ {[%clk 0:58:40]} Kh7 {[%clk 0:15:31]} 36. Rdd7
{[%clk 0:58:30]} Rxc7 {[%clk 0:15:56]} 37. Rxc7 {[%clk 0:58:56]} Kg8
{[%clk 0:15:56]} 38. Kg2 {[%clk 0:59:08]} h5 {[%clk 0:16:04]} 39. h4
{[%clk 0:59:25]} Rb2 {[%clk 0:16:25]} 40. Kf3 {[%clk 1:28:42]} Rd2
{[%clk 0:46:41]} 41. Rd7 {[%clk 1:28:50]} Kf8 {[%clk 0:46:47]} 42. e4
{[%clk 1:28:50]} Rd3+ {[%clk 0:47:09]} 43. Ke2 {[%clk 1:27:43]} Ra3
{[%clk 0:46:56]} 44. d5 {[%clk 1:27:44]} g6 {[%clk 0:47:10]} 45. Rb7
{[%clk 1:27:45]} Ra2+ {[%clk 0:47:16]} 46. Ke3 {[%clk 1:27:55]} Ra1
{[%clk 0:47:35]} 47. d6 {[%clk 1:26:17]} Rd1 {[%clk 0:47:53]} 48. d7
{[%clk 1:26:00]} Ke7 {[%clk 0:48:13]} 49. d8=Q+ {[%clk 1:26:25]} Kxd8
{[%clk 0:48:34]} 50. Rg7 {[%clk 1:26:51]} Ke8 {[%clk 0:48:37]} 51. Rxg6
{[%clk 1:26:44]} Kf7 {[%clk 0:49:02]} 52. Rh6 {[%clk 1:27:10]} Re1+
{[%clk 0:48:32]} 53. Kf3 {[%clk 1:26:31]} Ra1 {[%clk 0:48:45]} 54. Rxh5
{[%clk 1:26:52]} Kg6 {[%clk 0:49:12]} 55. Rb5 {[%clk 1:27:07]} 1-0

[Event "US Cadet Championship"]
[Site "Manchester, NH"]
[Date "2017.08.20"]
[Round "6.3"]
[White "Yip, Carissa"]
[Black "Nguyen, Emily"]
[Result "1-0"]
[BlackElo "2110"]
[WhiteElo "2187"]
[LiveChessVersion "1.4.8"]

1. e4 {[%clk 1:30:59]} c5 {[%clk 1:30:54]} 2. Nf3 {[%clk 1:31:23]} e6
{[%clk 1:31:16]} 3. d4 {[%clk 1:31:49]} cxd4 {[%clk 1:31:42]} 4. Nxd4
{[%clk 1:32:16]} a6 {[%clk 1:32:05]} 5. Nc3 {[%clk 1:32:42]} Qc7 {[%clk 1:32:30]}
6. Bd3 {[%clk 1:33:09]} Nf6 {[%clk 1:32:55]} 7. f4 {[%clk 1:33:29]} d6
{[%clk 1:33:19]} 8. Qe2 {[%clk 1:33:31]} b5 {[%clk 1:27:35]} 9. e5
{[%clk 1:14:41]} dxe5 {[%clk 1:15:33]} 10. fxe5 {[%clk 1:14:42]} Nfd7
{[%clk 1:10:01]} 11. Be4 {[%clk 1:14:33]} Bb7 {[%clk 1:09:27]} 12. Nxe6
{[%clk 1:13:01]} fxe6 {[%clk 1:05:49]} 13. Qh5+ {[%clk 1:12:29]} Kd8
{[%clk 1:01:25]} 14. Bg5+ {[%clk 1:12:55]} Be7 {[%clk 1:01:43]} 15. Bxe7+
{[%clk 1:13:21]} Kxe7 {[%clk 1:01:38]} 16. Qh4+ {[%clk 1:13:38]} Ke8
{[%clk 1:01:06]} 17. Bxb7 {[%clk 1:13:59]} Qxb7 {[%clk 0:43:42]} 18. Ne4
{[%clk 1:13:49]} Qb6 {[%clk 0:43:33]} 19. Nd6+ {[%clk 1:12:36]} Kf8
{[%clk 0:43:56]} 20. Rf1+ {[%clk 1:12:30]} Kg8 {[%clk 0:44:14]} 21. Qf4
{[%clk 1:10:09]} h6 {[%clk 0:41:08]} 22. Ne8 {[%clk 1:05:26]} Kh7
{[%clk 0:33:00]} 23. Qe4+ {[%clk 1:05:54]} Kg8 {[%clk 0:33:23]} 24. O-O-O
{[%clk 1:06:09]} Ra7 {[%clk 0:26:27]} 25. Qg6 {[%clk 0:49:19]} Qe3+
{[%clk 0:16:04]} 26. Kb1 {[%clk 0:49:43]} Qxe5 {[%clk 0:15:49]} 27. Nf6+
{[%clk 0:50:08]} Qxf6 {[%clk 0:16:08]} 28. Rxf6 {[%clk 0:50:33]} 1-0

[Event "US Cadet Championship"]
[Site "Manchester, NH"]
[Date "2017.08.20"]
[Round "6.4"]
[White "Li, Ben"]
[Black "Niemann, Hans"]
[Result "1-0"]
[BlackElo "2254"]
[WhiteElo "2305"]
[LiveChessVersion "1.4.8"]

1. d4 {[%clk 1:30:57]} Nf6 {[%clk 1:26:16]} 2. c4 {[%clk 1:31:15]} e6
{[%clk 1:26:30]} 3. Nf3 {[%clk 1:31:36]} c5 {[%clk 1:26:39]} 4. d5
{[%clk 1:31:59]} exd5 {[%clk 1:27:07]} 5. cxd5 {[%clk 1:32:21]} d6
{[%clk 1:27:36]} 6. Nc3 {[%clk 1:32:38]} g6 {[%clk 1:28:02]} 7. Nd2
{[%clk 1:32:43]} Bg7 {[%clk 1:27:46]} 8. e4 {[%clk 1:32:48]} O-O {[%clk 1:26:47]}
9. Be2 {[%clk 1:33:10]} a6 {[%clk 1:26:41]} 10. a4 {[%clk 1:33:33]} Nbd7
{[%clk 1:26:51]} 11. O-O {[%clk 1:33:47]} Re8 {[%clk 1:27:15]} 12. h3
{[%clk 1:33:32]} Rb8 13. Qc2 Nh5 {[%clk 1:22:09]} 14. Bxh5 {[%clk 1:33:51]} gxh5
15. a5 b5 {[%clk 1:04:19]} 16. axb6 {[%clk 1:34:32]} Nxb6 {[%clk 1:04:45]} 17.
Re1 {[%clk 1:20:34]} f5 {[%clk 0:44:41]} 18. Qd1 {[%clk 0:56:19]} Qg5
{[%clk 0:43:56]} 19. Kh1 {[%clk 0:54:55]} Qg6 {[%clk 0:41:18]} 20. Ra3
{[%clk 0:53:28]} h4 {[%clk 0:36:25]} 21. Nf3 {[%clk 0:51:15]} Bf6
{[%clk 0:36:27]} 22. exf5 Bxf5 {[%clk 0:36:44]} 23. Rxa6 {[%clk 0:46:46]} Nc4
{[%clk 0:36:39]} 24. Rxe8+ {[%clk 0:37:53]} Rxe8 25. Qa4 {[%clk 0:33:11]} Bc2
{[%clk 0:15:19]} 26. Qc6 {[%clk 0:19:40]} Bf5 {[%clk 0:05:40]} 27. Ra4 Ne5
{[%clk 0:06:05]} 28. Nxe5 {[%clk 0:19:26]} Bxe5 29. Ra8 {[%clk 0:18:34]} Bd7
{[%clk 0:06:34]} 30. Rxe8+ {[%clk 0:18:13]} Qxe8 {[%clk 0:06:55]} 31. Qc7 Bf5
{[%clk 0:05:02]} 32. Bh6 {[%clk 0:16:41]} Bd4 33. Kh2 {[%clk 0:15:53]} Qe5+
{[%clk 0:04:49]} 34. f4 {[%clk 0:16:16]} Qe1 {[%clk 0:04:44]} 35. Qd8+
{[%clk 0:16:39]} Kf7 {[%clk 0:04:56]} 36. Qf8+ {[%clk 0:17:04]} Kg6
{[%clk 0:05:20]} 37. Qg8+ {[%clk 0:17:31]} 1-0

[Event "US Cadet Championship"]
[Site "Manchester, NH"]
[Date "2017.08.20"]
[Round "6.5"]
[White "Lu, Albert"]
[Black "Shen, Christopher"]
[Result "1/2-1/2"]
[BlackElo "2167"]
[WhiteElo "2323"]
[LiveChessVersion "1.4.8"]

1. d4 {[%clk 1:30:57]} Nf6 {[%clk 1:30:54]} 2. c4 {[%clk 1:31:22]} g6
{[%clk 1:31:19]} 3. Nc3 {[%clk 1:31:48]} Bg7 {[%clk 1:31:44]} 4. Nf3
{[%clk 1:32:14]} O-O 5. Bg5 {[%clk 1:32:39]} d6 {[%clk 1:32:30]} 6. e3
{[%clk 1:33:05]} c5 {[%clk 1:32:54]} 7. Be2 {[%clk 1:32:50]} h6 {[%clk 1:33:09]}
8. Bh4 {[%clk 1:32:56]} g5 {[%clk 1:33:29]} 9. Bg3 {[%clk 1:33:21]} Nh5
{[%clk 1:33:52]} 10. O-O Nxg3 {[%clk 1:33:20]} 11. hxg3 {[%clk 1:32:21]} cxd4
{[%clk 1:32:55]} 12. Nxd4 {[%clk 1:22:45]} Nc6 {[%clk 1:24:25]} 13. Qd2
{[%clk 1:08:26]} Bd7 {[%clk 1:21:34]} 14. Rfd1 {[%clk 1:06:30]} Rc8 15. Rac1
{[%clk 1:04:42]} Re8 {[%clk 1:15:09]} 16. b3 {[%clk 1:01:27]} a6 17. Bf3
{[%clk 0:52:17]} Qa5 {[%clk 1:03:33]} 18. Nd5 {[%clk 0:52:31]} Qxd2
{[%clk 0:50:19]} 19. Rxd2 {[%clk 0:41:25]} Ne5 {[%clk 0:32:12]} 20. Be2
{[%clk 0:32:57]} Bc6 21. Rdc2 {[%clk 0:31:18]} e6 {[%clk 0:24:43]} 22. Nb6 Rcd8
{[%clk 0:20:09]} 23. f4 {[%clk 0:29:53]} Nd7 {[%clk 0:18:46]} 24. Nxc6
{[%clk 0:29:13]} bxc6 {[%clk 0:19:03]} 25. Nxd7 {[%clk 0:29:39]} Rxd7
{[%clk 0:19:23]} 26. c5 d5 {[%clk 0:19:11]} 27. Bxa6 {[%clk 0:29:14]} Ra8 28. Bf1
{[%clk 0:20:27]} Rda7 {[%clk 0:18:17]} 29. b4 Rb8 {[%clk 0:05:18]} 30. Rb1
{[%clk 0:18:29]} Ra4 {[%clk 0:05:04]} 31. b5 Ra5 32. Rbc1 {[%clk 0:09:41]} Bf8
{[%clk 0:04:14]} 33. b6 {[%clk 0:09:17]} Be7 {[%clk 0:04:02]} 34. Bd3 Ra3 35. Bb5
{[%clk 0:06:23]} cxb5 {[%clk 0:03:30]} 36. c6 {[%clk 0:06:49]} Bd6
{[%clk 0:03:33]} 37. c7 Bxc7 {[%clk 0:04:00]} 38. bxc7 {[%clk 0:07:28]} Rc8 39.
Rb1 {[%clk 0:07:20]} Ra7 {[%clk 0:04:49]} 40. Rxb5 1/2-1/2

[Event "US Cadet Championship"]
[Site "Manchester, NH"]
[Date "2017.08.20"]
[Round "7.1"]
[White "Shen, Christopher"]
[Black "Huang, Andy"]
[Result "1/2-1/2"]
[BlackElo "2178"]
[WhiteElo "2167"]
[LiveChessVersion "1.4.8"]

1. c4 {[%clk 1:30:57]} e5 {[%clk 1:30:56]} 2. g3 {[%clk 1:30:59]} Nf6
{[%clk 1:31:18]} 3. Bg2 {[%clk 1:31:23]} c6 {[%clk 1:31:44]} 4. d4
{[%clk 1:30:00]} e4 {[%clk 1:31:29]} 5. Nc3 {[%clk 1:28:54]} d5 {[%clk 1:31:50]}
6. Bg5 {[%clk 1:27:37]} Nbd7 {[%clk 1:31:59]} 7. Nh3 {[%clk 1:24:52]} h6
{[%clk 1:20:46]} 8. Bxf6 {[%clk 1:20:53]} Nxf6 {[%clk 1:21:02]} 9. cxd5
{[%clk 1:18:35]} cxd5 {[%clk 1:19:55]} 10. Qa4+ {[%clk 1:14:13]} Bd7
{[%clk 1:13:30]} 11. Qb3 {[%clk 1:11:34]} Bc6 {[%clk 1:13:49]} 12. e3
{[%clk 1:09:17]} Qb6 {[%clk 1:11:19]} 13. Qxb6 {[%clk 1:06:06]} axb6
{[%clk 1:11:35]} 14. O-O g5 {[%clk 1:03:59]} 15. f3 {[%clk 0:47:42]} exf3
{[%clk 0:59:20]} 16. Rxf3 {[%clk 0:46:58]} Bg7 {[%clk 0:53:25]} 17. Nf2
{[%clk 0:39:21]} O-O {[%clk 0:40:17]} 18. Nd3 {[%clk 0:34:52]} Ne4
{[%clk 0:37:54]} 19. Nb4 {[%clk 0:29:46]} Nxc3 {[%clk 0:36:37]} 20. bxc3
{[%clk 0:30:13]} Ra3 {[%clk 0:37:04]} 21. Rc1 {[%clk 0:29:43]} Re8
{[%clk 0:36:42]} 22. Rff1 {[%clk 0:21:09]} Rxe3 {[%clk 0:34:30]} 23. Nc2
{[%clk 0:21:30]} Rexc3 {[%clk 0:34:37]} 24. Nxa3 {[%clk 0:21:53]} Bxd4+
{[%clk 0:34:42]} 25. Kh1 {[%clk 0:22:13]} Rxa3 {[%clk 0:34:59]} 26. Rcd1
{[%clk 0:21:36]} Bc5 {[%clk 0:24:00]} 27. Bxd5 {[%clk 0:21:13]} Rxa2
{[%clk 0:24:16]} 28. Bxc6 {[%clk 0:17:18]} bxc6 {[%clk 0:24:33]} 29. Rf6
{[%clk 0:16:30]} Kg7 {[%clk 0:24:35]} 30. Rdf1 {[%clk 0:14:00]} Ra1
{[%clk 0:22:51]} 31. Rxf7+ {[%clk 0:13:15]} Kg6 {[%clk 0:23:17]} 32. R7f6+
{[%clk 0:12:06]} Kg7 {[%clk 0:23:41]} 1/2-1/2